000 00788nam a2200289Ia 4500
005 20260324114318.0
008 008 260324s9999 xx 000 0 eng d
020 _a9781003458777
037 _aEBOOK
040 _aCRL
040 _beng
040 _cCRL
041 _2eng
041 _aeng
084 _qCRL
100 _aRégis Gras; Antoine Bodin; Raphaël Couturier; Pablo Gregori
_91150274
245 4 _aThe Theory of Statistical Implicative Analysis
245 0 _bOr the Implausibility of Falsehood ... When the Exception Confirms the Rule
260 _bTaylor and Francis
260 _c2023
365 _a
365 _b275
856 _uhttp://www.taylorfrancis.com/books/9781003458777
942 _cEBOOK
999 _c1740383
_d1740383